Teoría y práctica del gobierno moderno

-д хадгалсан:
Номзүйн дэлгэрэнгүй
Үндсэн зохиолч: Finer, Herman (Зохиогч)
Формат: Ном
Хэл сонгох:испани
Хэвлэсэн: Madrid Tecnos 1964
Цуврал:Semilla y Surco. Colección de Ciencias Sociales, 35
Нөхцлүүд:
Шошгууд: Шошго нэмэх
Шошго байхгүй, Энэхүү баримтыг шошголох эхний хүн болох!

MARC

LEADER 00000nam a2200000 a 4500
001 UCT6392
003 CL-VaPUC
008 970106e19640000SP |||||||||||||||||spa|d
082 0 4 |a 321.8  |b FIN  |2 21 
100 0 |a Finer, Herman  |e author  |9 376558 
245 1 0 |a Teoría y práctica del gobierno moderno 
300 |a 1174 p 
942 |c BK 
945 |d 19970106 00:00:00  |a lriquelm 
260 |a Madrid  |b Tecnos  |c 1964 
650 0 |a Democracia  |9 255256 
650 7 |a SISTEMAS POLITICOS  |2 CL-VaPUC  |9 376559 
650 0 |a Ciencias Políticas  |9 255201 
650 0 |a Instituciones políticas  |9 255506 
650 0 |a Gobierno   |9 255508 
650 0 |a Soberanía  |9 266726 
650 0 |a Separación de poderes  |9 376385 
650 0 |a Estado  |9 255503 
650 0 |a Economía   |9 255568 
650 0 |a Constituciones  |9 255417 
650 0 |a Federalismo  |9 313886 
650 7 |a OPINON PUBLICA  |2 CL-VaPUC  |9 376560 
650 0 |a Partidos políticos  |9 254999 
650 0 |a Parlamento  |9 338611 
650 7 |a GABINETE  |2 CL-VaPUC  |9 376561 
650 7 |a JEFE DE ESTADO  |2 CL-VaPUC  |9 368237 
650 0 |a Administración pública   |9 255343 
651 0 |a Estados Unidos  |9 255178 
651 0 |a Francia  |9 255157 
651 0 |a Alemania  |9 255688 
651 0 |a Inglaterra  |9 255158 
583 |a last modification  |c 19970106 00:00:00  |k Rodrigo Vera 
490 0 |a Semilla y Surco. Colección de Ciencias Sociales, 35 
999 |c 255103  |d 255101 
952 |0 0  |1 0  |4 0  |6 321_800000000000000_FIN_1964  |7 0  |8 A  |9 277194  |a BIBDER  |b BIBDER  |d 2019-11-19  |i 1802186  |l 1  |m 3  |o 321.8 FIN 1964  |p 1802186  |q 2025-12-31  |r 2021-07-30  |s 2021-07-30  |w 2019-11-19  |y BK  |k DER